| 000 | 01539cam a22004574i 4500 | ||
|---|---|---|---|
| 003 | PE-LiUPU | ||
| 005 | 20250731165546.0 | ||
| 008 | 150625s r 000 0 d | ||
| 035 | _a(Sirsi) a33949 | ||
| 040 |
_aPE-LiUPU _bspa _cPE-LiUPU _erda |
||
| 082 | 0 | 4 |
_a225 _bN _221 |
| 100 | 1 |
_aWalter, Eugen, _eautor. |
|
| 245 | 1 | 0 |
_aPrimera carta a los Corintios. _n7 / _cEugen Walter. |
| 264 | 1 |
_aBarcelona : _bHerder, _c1977. |
|
| 300 |
_a337 páginas ; _c20 cm. |
||
| 336 |
_atext _2rdacontent |
||
| 337 |
_aunmediated _2rdamedia |
||
| 338 |
_avolume _2rdacarrier |
||
| 505 | 0 | _aContra los partidismos y sus causas. -Casos de desviaciones morales. -Respuestas a diversas consultas de los Corintios. -La resurrección de la carne. -Asuntos ministeriales y personales. | |
| 526 | _aSEG44 | ||
| 526 | _aSEG26 | ||
| 526 | _aP151 | ||
| 526 | _aP150 | ||
| 526 | _aP149 | ||
| 526 | _aP146 | ||
| 526 | _aP145 | ||
| 526 | _aP126 | ||
| 526 | _aP125 | ||
| 526 | _aP92 | ||
| 526 | _aP75 | ||
| 526 | _aP74 | ||
| 526 | _aP27 | ||
| 526 | _aP15 | ||
| 630 |
_aBiblia. _pN.T. _pCorintios I _xComentarios. |
||
| 910 | _a | ||
| 942 |
_2ddc _cBOOK |
||
| 949 |
_aRC 225 N 7 _wDEWEY _c1 _i37663 _lCCODEBUL1 _mBUL _p00.00 _r0 _sY _tBOOK _u2015-06-25 _xBIBLIOTECA _zUNKNOWN _0COMPRA _o.STAFF. Colección General |
||
| 596 | _a1 | ||
| 999 |
_aRC 225 N 7 _wDEWEY _c41752 _i37663 _f2021-11-8 _g5 _lCCODEBUL1 _mBUL _r1 _sY _tBOOK _u2015-6-25 _xTEOLOGIA _zUNKNOWN _0COMPRA _o.STAFF. Colección General _d41752 |
||
| 980 |
_81 _gALBERTO SANCHEZ Responsable de Automatización |
||